| 000 | 00459nam a2200181Ia 4500 | ||
|---|---|---|---|
| 008 | 210719s2012 xx 000 0 und d | ||
| 020 | _a978-81-317-7037-5 | ||
| 041 | _aeng | ||
| 082 | _a515.35 RUKD | ||
| 100 | _aRUKMANGADACHARI (E) | ||
| 245 | _aDifferential equations | ||
| 260 |
_aChennai _bPearson _c2012 |
||
| 300 |
_ax,448 _bPB |
||
| 365 | _cRs | ||
| 650 | _aDifferential Equations | ||
| 650 | _aMathematics | ||
| 906 | _aDifferential ; equations | ||
| 999 |
_c215452 _d215452 |
||